000 00547nam a2200193Ia 4500
005 20260429111950.0
008 260429s9999||||xx |||||||||||||| ||und||
020 _a9781666867626
041 _aEnglish
082 _a616.9041
_bWAR
100 _aWarner, Digby
245 0 _aEssentials of medical microbiology and immunology /
_cDigby Warner
260 _aUnited States :
_bAmerican Academic Publishers,
_c2024.
300 _axii, 305 p.; hb
650 _a Immunology
650 _a Medical microbiology
650 _aDiseases
942 _cTB
999 _c51656
_d51656